| 000 | 00842nam a2200217Ia 4500 | ||
|---|---|---|---|
| 003 | OSt | ||
| 005 | 20250410160715.0 | ||
| 008 | 191128s2004 ck er 000 f spa d | ||
| 020 | _a9587042735 | ||
| 040 |
_aCO-JMCR _cCO-JMCR |
||
| 041 | _aspa | ||
| 082 | 0 | 4 |
_aA-N _bCERd |
| 100 | 1 |
_aCervantes Saavedra, Miguel de, _d1547-1616 _eautor _96561 |
|
| 245 | 0 |
_aDon Quijote de la Mancha / _cMiguel de Cervantes |
|
| 250 | _aEdición del IV centenario | ||
| 260 |
_aBogotá : _bAlfaguara : Real Academia Española, _c©2004 |
||
| 300 |
_a1249 páginas ; _c20 cm. |
||
| 520 | _aEl Ingenioso Hidalgo Don Quijote de la Mancha (Miguel de Cervantes Saavedra, 1605) es la obra literaria más universal y valorada de todos los tiempos escrita en castellano. Considerada la primera novela moderna. | ||
| 650 | 1 | 4 |
_aNovela española _96570 |
| 942 |
_2ddc _cBK |
||
| 999 |
_c3255 _d3255 |
||